<?xml version="1.0" encoding="UTF-8"?>
<marc:record xmlns:marc="http://www.loc.gov/MARC21/slim">
   <marc:leader>00000nam a2200000 a 4500</marc:leader>
   <marc:datafield ind1="1" ind2=" " tag="100">
      <marc:subfield code="a">Poznanski, Ursula</marc:subfield>
      <marc:subfield code="4">aut</marc:subfield>
      <marc:subfield code="e">Verfasser/-in</marc:subfield>
   </marc:datafield>
   <marc:datafield ind1="0" ind2="0" tag="245">
      <marc:subfield code="a">Anonym</marc:subfield>
   </marc:datafield>
   <marc:datafield ind1=" " ind2="1" tag="264">
      <marc:subfield code="b">Wunderlich</marc:subfield>
      <marc:subfield code="c">2016</marc:subfield>
   </marc:datafield>
   <marc:datafield ind1="1" ind2=" " tag="520">
      <marc:subfield code="a">Du verabscheust deinen Nachbarn? Du hast eine offene Rechnung mit deiner Ex-Frau? Du wünschst deinem Chef den Tod? Dann setze ihn auf unsere Liste und warte, ob die anderen User für ihn voten. Aber überlege es dir gut, denn manchmal werden Wünsche wahr... Es ist der erste gemeinsame Fall von Kommissar Daniel Buchholz und seiner Kollegin Nina Salomon, und er führt sie auf die Spur des geheimnisvollen Internetforums "Morituri". Dort können die Mitglieder Kandidaten aufstellen und dann für sie abstimmen. Dem Gewinner winkt der Tod. Aber das Internet ist unendlich, die Nutzer schwer zu fassen. Nur der Tod ist ausgesprochen real, und er ist näher, als Buchholz und Salomon glauben...</marc:subfield>
   </marc:datafield>
   <marc:datafield ind1=" " ind2=" " tag="020">
      <marc:subfield code="a">9783805250856</marc:subfield>
      <marc:subfield code="9">9783805250856</marc:subfield>
   </marc:datafield>
</marc:record>
